[Event "XXVI C.to Italiano a squadre A1"]
[Site "ITA"]
[Date "1994.??.??"]
[Round "?"]
[White "Wagman, Stuart"]
[Black "Horvath, Jozsef"]
[Result "1/2-1/2"]
[WhiteElo "2210"]
[BlackElo "2515"]
[PlyCount "108"]
[EventDate "1994.01.30"]

1. e4 c5 2. Nf3 e6 3. d4 cxd4 4. Nxd4 Nc6 5. Nc3 Qc7 6. g3 d6 7. Bg2 Nf6 8. O-O
Nxd4 9. Qxd4 Bd7 10. a4 a6 11. h3 Be7 12. Be3 O-O 13. Qd2 Rac8 14. a5 Bc6 15.
Bb6 Qb8 16. Rfe1 Bd8 17. Bd4 h6 18. Na2 d5 19. Nb4 dxe4 20. Nxc6 Rxc6 21. Bxe4
Nxe4 22. Rxe4 Qc8 23. Bc3 f5 24. Re2 Bg5 25. Qd3 f4 26. g4 h5 27. Re5 Rc5 28.
Rxc5 Qxc5 29. Qg6 Bf6 30. Rd1 Qc6 31. gxh5 e5 32. h6 e4 33. Bxf6 Qxf6 34. Qxf6
Rxf6 35. Rd8+ Kh7 36. hxg7 Rg6+ 37. Kf1 Rxg7 38. Re8 Kg6 39. Rxe4 Kf5 40. Rc4
f3 41. Rd4 Rh7 42. h4 Rg7 43. Ke1 Re7+ 44. Kd2 Re2+ 45. Kd3 Rxf2 46. Rb4 Rxc2
47. Ke3 Rc5 48. Rxb7 Kg4 49. Rg7+ Kxh4 50. Kxf3 Rxa5 51. Ke4 Rb5 52. Rg2 Kh3
53. Rc2 Kg4 54. Kd4 Kf5 1/2-1/2

[Event "XXVI C.to Italiano a squadre A1"]
[Site "ITA"]
[Date "1994.??.??"]
[Round "?"]
[White "Zaninotto, Franco"]
[Black "Palmiotto, Fiorentino"]
[WhiteElo "2255"]
[BlackElo "2210"]
[Result "0-1"]
[PlyCount "96"]
[EventDate "1994.01.30"]

1. e4 c5 2. c3 e6 3. d4 cxd4 4. cxd4 d5 5. e5 Nc6 6. Nf3 Bb4+ 7. Bd2 Qb6 8. Nc3
Nge7 9. a3 Bxc3 10. Bxc3 Bd7 11. b4 a6 12. Be2 Rc8 13. Qd2 O-O 14. O-O f6 15.
a4 fxe5 16. b5 exd4 17. Bb2 Na5 18. Bxd4 Qd8 19. Qb2 Nf5 20. bxa6 Nxd4 21. Nxd4
bxa6 22. Bxa6 Rb8 23. Qe2 Qf6 24. Bb5 Qxd4 25. Bxd7 Rb2 26. Qxe6+ Kh8 27. Qe1
Nb3 28. Rd1 Nd2 29. Qe3 Qxe3 30. fxe3 Nxf1 31. Rxf1 Rxf1+ 32. Kxf1 Ra2 33. Bc6
g5 34. Bxd5 Rxa4 35. Kf2 Kg7 36. Kf3 Kf6 37. h3 h5 38. Bc6 Ra7 39. Kg3 Kf5 40.
Bd5 Ra3 41. Bf7 Rxe3+ 42. Kf2 Kf4 43. Bxh5 Rb3 44. Bf3 Rb2+ 45. Kf1 Kg3 46. Be4
Rf2+ 47. Ke1 Rxg2 48. Bxg2 Kxg2 0-1

[Event "XXVI C.to Italiano a squadre A1"]
[Site "ITA"]
[Date "1994.??.??"]
[Round "?"]
[White "Zurla, Mirko"]
[Black "Hugony, Fabrizio"]
[Result "1/2-1/2"]
[WhiteElo "2132"]
[BlackElo "2265"]
[PlyCount "80"]
[EventDate "1994.01.30"]

1. e4 c5 2. c3 d6 3. d4 Nf6 4. Bd3 Nc6 5. dxc5 d5 6. Qe2 e5 7. Bg5 Bxc5 8. Bxf6
gxf6 9. exd5 Qxd5 10. Be4 Qe6 11. Nf3 Bd7 12. Nbd2 O-O-O 13. Nc4 f5 14. Bc2 e4
15. Nfd2 b5 16. Ne3 f4 17. Nxe4 fxe3 18. Nxc5 exf2+ 19. Kxf2 Qxe2+ 20. Kxe2
Bg4+ 21. Ke3 Rhe8+ 22. Kf4 Rd2 23. Be4 Ne5 24. h3 Bh5 25. b4 Ng6+ 26. Kg3 Rg8
27. Rhf1 Kd8 28. a4 f5 29. Bxf5 Ne7+ 30. Bg4 Bxg4 31. hxg4 h5 32. Rfd1 Rxg4+
33. Kh3 Rgxg2 34. Rxd2+ Rxd2 35. axb5 Nc8 36. Rg1 Nd6 37. Rg5 Rc2 38. Rd5 Ke7
39. Re5+ Kf7 40. Rxh5 Rxc3+ 1/2-1/2

[Event "XXVI C.to Italiano a squadre A1"]
[Site "ITA"]
[Date "1994.??.??"]
[Round "1"]
[White "Lucaroni, Massimiliano"]
[Black "Bellia, Fabrizio"]
[WhiteElo "2290"]
[BlackElo "2280"]
[Result "0-1"]
[PlyCount "68"]
[EventDate "1994.01.30"]

1. e4 e5 2. Bc4 Nf6 3. d3 Nc6 4. Nc3 Na5 5. Nge2 Nxc4 6. dxc4 d6 7. O-O Be6 8.
b3 c6 9. Qd3 d5 10. cxd5 cxd5 11. Bg5 d4 12. Nd5 Bxd5 13. exd5 Qxd5 14. Rad1
Be7 15. c4 Qc6 16. Rfe1 O-O-O 17. Ng3 Qe6 18. f4 Nd7 19. f5 Qd6 20. Ne4 Qa3 21.
c5 Bxg5 22. Nxg5 Rdf8 23. Qc4 Qa6 24. Nxf7 Qxc4 25. Nd6+ Kc7 26. Nxc4 Rxf5 27.
b4 Rhf8 28. h3 h5 29. Re4 Kc6 30. Rde1 Kd5 31. Nd6 Rf2 32. Nxb7 Rxa2 33. Na5
Rff2 34. Rxe5+ Nxe5 0-1

[Event "XXVI C.to Italiano a squadre A1"]
[Site "ITA"]
[Date "1994.??.??"]
[Round "2"]
[White "Beggi, Pierluigi"]
[Black "Bellia, Fabrizio"]
[Result "0-1"]
[WhiteElo "2220"]
[BlackElo "2280"]
[PlyCount "56"]
[EventDate "1994.01.30"]

1. d4 Nf6 2. c4 g6 3. Nc3 Bg7 4. e4 d6 5. Be2 O-O 6. f4 Na6 7. Nf3 e5 8. fxe5
dxe5 9. d5 c6 10. dxc6 bxc6 11. Qxd8 Rxd8 12. O-O Re8 13. Bg5 h6 14. Bxf6 Bxf6
15. Rad1 Rb8 16. Na4 Bg7 17. b3 Bf8 18. Ne1 Nc5 19. Nc3 h5 20. Nd3 a5 21. Kh1
Nxd3 22. Rxd3 Bc5 23. h3 Be6 24. Rg3 Bd4 25. Na4 Kh7 26. Rgf3 Kg7 27. Rf6 Re7
28. R6f3 Bg4 0-1

[Event "XXVI C.to Italiano a squadre A1"]
[Site "ITA"]
[Date "1994.??.??"]
[Round "2"]
[White "Belotti, Bruno"]
[Black "Mariani, Stefano"]
[Result "1-0"]
[WhiteElo "2420"]
[BlackElo "1893"]
[PlyCount "85"]
[EventDate "1994.01.30"]

1. e4 e5 2. Nf3 Nc6 3. Be2 Nf6 4. d3 d6 5. c3 Be7 6. O-O O-O 7. Nbd2 Bg4 8. h3
Bxf3 9. Bxf3 Re8 10. Nc4 h6 11. Ne3 Bf8 12. g3 Qd7 13. Bg2 Ne7 14. f4 Nh7 15.
Qf3 f6 16. h4 c6 17. Kh2 exf4 18. gxf4 f5 19. Bh3 Nf6 20. Nxf5 Nxf5 21. Bxf5
Qc7 22. d4 Rad8 23. e5 Nd5 24. Qg4 Ne7 25. Be6+ Kh8 26. Bf7 c5 27. Qe6 dxe5 28.
dxe5 Rc8 29. Bxe8 Rxe8 30. Be3 Qb8 31. Rad1 Nc6 32. Qg4 c4 33. Kh3 b5 34. Rg1
Qc8 35. Qxc8 Rxc8 36. Rd7 a5 37. Bd4 b4 38. e6 Nxd4 39. cxd4 Re8 40. d5 Be7 41.
d6 Bf6 42. e7 Kg8 43. Rc7 1-0

[Event "XXVI C.to Italiano a squadre A1"]
[Site "ITA"]
[Date "1994.??.??"]
[Round "2"]
[White "Gaggiottini, Manfredo"]
[Black "Godena, Michele"]
[Result "0-1"]
[WhiteElo "2078"]
[BlackElo "2480"]
[PlyCount "43"]
[EventDate "1994.01.30"]

1. b4 e5 2. Bb2 f6 3. f4 Bxb4 4. fxe5 Nc6 5. Nf3 Nxe5 6. Nxe5 fxe5 7. Bxe5 Qe7
8. Bg3 Nf6 9. e3 Qxe3+ 10. Be2 Qe7 11. c3 Bd6 12. Qb3 Bxg3+ 13. hxg3 d5 14. Kd1
O-O 15. Na3 Ne4 16. Qxd5+ Be6 17. Qxe6+ Qxe6 18. Bc4 Nf2+ 19. Kc2 Qxc4 20. Nxc4
Nxh1 21. Rxh1 Rf2 22. Ne3 0-1

[Event "XXVI C.to Italiano a squadre A1"]
[Site "ITA"]
[Date "1994.??.??"]
[Round "2"]
[White "Guido, Flavio"]
[Black "Zhu, Dinglong"]
[Result "1-0"]
[WhiteElo "2295"]
[BlackElo "2320"]
[PlyCount "37"]
[EventDate "1994.01.30"]

1. e4 d5 2. exd5 Qxd5 3. d4 Nf6 4. Nf3 Bg4 5. Be2 Nc6 6. c4 Qd6 7. d5 Nb4 8.
Nc3 c6 9. O-O cxd5 10. a3 Na6 11. cxd5 g6 12. Nd4 Bxe2 13. Qxe2 Bg7 14. Ndb5
Qd7 15. Bg5 O-O 16. Rad1 Nc7 17. d6 exd6 18. Rxd6 Qf5 19. Bxf6 1-0

[Event "XXVI C.to Italiano a squadre A1"]
[Site "ITA"]
[Date "1994.??.??"]
[Round "2"]
[White "Ianniello, Riccardo"]
[Black "Benvenuti, Carlo"]
[Result "1/2-1/2"]
[WhiteElo "2320"]
[BlackElo "2200"]
[PlyCount "82"]
[EventDate "1994.01.30"]

1. e4 d6 2. Nf3 Nf6 3. c3 c6 4. Qc2 Bg4 5. Be2 e6 6. d4 Be7 7. Be3 Bh5 8. Nbd2
d5 9. e5 Nfd7 10. O-O Bg6 11. Qb3 Qb6 12. c4 Na6 13. a3 Qxb3 14. Nxb3 Nc7 15.
Na5 O-O-O 16. c5 Rdf8 17. b4 Bd8 18. a4 Na8 19. Nb3 Nb8 20. b5 f6 21. Bf4 Bc2
22. Nfd2 g5 23. Bg3 f5 24. f3 f4 25. Bf2 h5 26. Rfc1 Bg6 27. Nb1 Rf7 28. Nc3
Bf5 29. a5 a6 30. b6 Rg7 31. Kh1 g4 32. Rg1 g3 33. Be1 gxh2 34. Kxh2 h4 35. Rh1
h3 36. g4 fxg3+ 37. Bxg3 Rhg8 38. Rhg1 Bg5 39. f4 Bh6 40. Raf1 Nd7 41. Nd2 Nf8
1/2-1/2

[Event "XXVI C.to Italiano a squadre A1"]
[Site "ITA"]
[Date "1994.??.??"]
[Round "2"]
[White "Lucaroni, Massimiliano"]
[Black "Bozzo, Rodolfo"]
[Result "1/2-1/2"]
[WhiteElo "2290"]
[BlackElo "2100"]
[PlyCount "73"]
[EventDate "1994.01.30"]

1. e4 c5 2. Nc3 e6 3. Nf3 d6 4. d4 cxd4 5. Nxd4 Nf6 6. f4 Be7 7. Be2 Nc6 8. Be3
O-O 9. O-O Bd7 10. Qe1 Nxd4 11. Bxd4 Bc6 12. Qg3 g6 13. Bf3 b5 14. Rad1 b4 15.
e5 Bxf3 16. Qxf3 bxc3 17. exf6 Bxf6 18. Qxc3 Qb6 19. Bxb6 Bxc3 20. Bd4 Bxd4+
21. Rxd4 d5 22. c4 dxc4 23. Rxc4 Rfd8 24. Rfc1 Rd2 25. R1c2 Rad8 26. b3 Kg7 27.
Rxd2 Rxd2 28. Ra4 Rd7 29. Kf2 Kf6 30. Ra6 g5 31. fxg5+ Kxg5 32. Ke3 Kf5 33. b4
e5 34. a4 f6 35. b5 Kg5 36. Ke4 Rd4+ 37. Ke3 1/2-1/2

[Event "XXVI C.to Italiano a squadre A1"]
[Site "ITA"]
[Date "1994.??.??"]
[Round "2"]
[White "Marinelli, Tullio"]
[Black "Albano, Marco"]
[Result "1/2-1/2"]
[WhiteElo "2370"]
[BlackElo "2230"]
[PlyCount "107"]
[EventDate "1994.01.30"]

1. d4 Nf6 2. c4 e6 3. Nc3 Bb4 4. Qc2 O-O 5. e3 c5 6. Bd3 Nc6 7. Nf3 Qa5 8. O-O
Bxc3 9. bxc3 h6 10. e4 d5 11. Bd2 dxe4 12. Bxe4 Rd8 13. Rfe1 Qa6 14. Bxc6 bxc6
15. Ne5 cxd4 16. cxd4 Rxd4 17. Bc3 Rd8 18. Re3 c5 19. Nxf7 Kxf7 20. Bxf6 Kxf6
21. Rf3+ Ke7 22. Qg6 Rd7 23. Qxg7+ Kd8 24. Qf8+ Kc7 25. Qxc5+ Qc6 26. Qa5+ Qb6
27. Qe5+ Qd6 28. Qa5+ Kb8 29. Rb1+ Bb7 30. h3 Kc8 31. Rg3 Rd8 32. c5 Qa6 33.
Qe1 Qxa2 34. c6 Bxc6 35. Rc1 Rd6 36. Qb4 Qd5 37. Rg8+ Kd7 38. Rg7+ Ke8 39. Qg4
Qxg2+ 40. Qxg2 Bxg2 41. Rxg2 Kf7 42. Rc3 Rd5 43. h4 a5 44. Rg4 h5 45. Ra4 Rg8+
46. Kf1 Rg4 47. Rxg4 hxg4 48. Rc4 e5 49. h5 Kg7 50. Rxg4+ Kh6 51. Ke2 Kxh5 52.
Rg8 Kh4 53. Ke3 Rb5 54. f4 1/2-1/2

[Event "XXVI C.to Italiano a squadre A1"]
[Site "ITA"]
[Date "1994.??.??"]
[Round "2"]
[White "Micheli, Carlo"]
[Black "Rago, Riccardo"]
[Result "1/2-1/2"]
[WhiteElo "2300"]
[BlackElo "1815"]
[PlyCount "95"]
[EventDate "1994.01.30"]

1. e4 c5 2. Nf3 Nc6 3. d4 cxd4 4. Nxd4 Nf6 5. Nc3 e5 6. Ndb5 d6 7. Nd5 Nxd5 8.
exd5 Nb8 9. c4 Be7 10. Be2 O-O 11. O-O a6 12. Nc3 f5 13. f4 Nd7 14. g3 exf4 15.
gxf4 Rf6 16. Be3 Rh6 17. Rf3 Nf6 18. Bd4 Bd7 19. Qf1 Ng4 20. h3 Bf6 21. Rd1
Bxd4+ 22. Rxd4 Qb6 23. Qd1 Ne5 24. Rf2 Ng6 25. Bf1 Re8 26. Qd2 Rh4 27. Kg2 Kf8
28. Ne2 Re4 29. Kg3 Rh6 30. Bg2 Re8 31. Ng1 Nh4 32. Kh2 Rg6 33. Rd3 Nxg2 34.
Rxg2 Rxg2+ 35. Kxg2 Re4 36. b3 Qd8 37. Nf3 Qe8 38. Kf2 Qh5 39. Ng5 Qh4+ 40. Kf3
Re7 41. Kg2 h6 42. Nf3 Qf6 43. Qf2 g5 44. fxg5 hxg5 45. Re3 Rg7 46. Nd4 f4 47.
Ne6+ Kg8 48. Re2 1/2-1/2

[Event "XXVI C.to Italiano a squadre A1"]
[Site "ITA"]
[Date "1994.??.??"]
[Round "2"]
[White "Ortega, Lexy"]
[Black "Vezzosi, Paolo"]
[Result "1-0"]
[WhiteElo "2440"]
[BlackElo "2300"]
[PlyCount "150"]
[EventDate "1994.01.30"]

1. d4 Nf6 2. Nf3 e6 3. g3 c5 4. Bg2 Nc6 5. O-O d5 6. c4 cxd4 7. Nxd4 Bc5 8. Nb3
Be7 9. cxd5 exd5 10. Nc3 Be6 11. Be3 O-O 12. Bc5 Re8 13. Bxe7 Qxe7 14. e3 Rad8
15. Nd4 Ne5 16. Rc1 Bg4 17. Qb3 Qd7 18. Qa4 Nd3 19. Qxd7 Rxd7 20. Rc2 Rc8 21.
h3 Be6 22. Rb1 a6 23. Bf1 Nb4 24. Rcc1 Rdc7 25. a3 Nc6 26. Nxc6 Rxc6 27. Rd1
Rb6 28. g4 g5 29. Bg2 h6 30. Nxd5 Bxd5 31. Bxd5 Rc2 32. b4 Nxd5 33. Rxd5 Rf6
34. Rf5 Rxf5 35. gxf5 Rc3 36. a4 Kg7 37. Kg2 Kf6 38. Rd1 Rc4 39. Rd6+ Kxf5 40.
Rb6 a5 41. bxa5 Rxa4 42. Rxb7 Rxa5 43. Rxf7+ Kg6 44. Rb7 Ra6 45. Kg3 Rf6 46.
Ra7 Rb6 47. Ra4 Kh5 48. Rc4 Ra6 49. Rc7 Kg6 50. Rb7 Rc6 51. Rb5 Ra6 52. h4 Re6
53. Ra5 Kh5 54. Rd5 Kg6 55. hxg5 hxg5 56. Rd3 Kh5 57. f3 Re5 58. e4 Ra5 59. Re3
Kg6 60. Rb3 Kh5 61. Rb1 Rc5 62. Rb6 Ra5 63. Rf6 Ra2 64. Rb6 Re2 65. Re6 Rb2 66.
Rc6 Re2 67. Rf6 Rc2 68. Kh3 Rf2 69. e5 Re2 70. Re6 Rf2 71. Kg3 Re2 72. Kh3 Rf2
73. Kg3 Re2 74. Kh3 Rf2 75. Rf6 Re2 1-0

[Event "XXVI C.to Italiano a squadre A1"]
[Site "ITA"]
[Date "1994.??.??"]
[Round "2"]
[White "Ruggieri, Oliviero"]
[Black "Manca, Federico"]
[WhiteElo "1842"]
[BlackElo "2370"]
[Result "0-1"]
[PlyCount "110"]
[EventDate "1994.01.30"]

1. d4 Nf6 2. Bg5 d5 3. Bxf6 exf6 4. e3 Bd6 5. Bd3 O-O 6. Nd2 c5 7. dxc5 Bxc5 8.
Nb3 Bb6 9. c3 Nc6 10. Qc2 h6 11. Ne2 Bd7 12. Rd1 Rc8 13. Qd2 Qe7 14. Nf4 Be6
15. Bb1 Rfd8 16. O-O f5 17. Nd4 Qf6 18. Nh5 Qg5 19. Nf4 Nxd4 20. exd4 Bc7 21.
Nxe6 fxe6 22. Qxg5 hxg5 23. Rfe1 Kf7 24. Re2 Rh8 25. g3 Rh6 26. f3 Rch8 27.
Rde1 Bd6 28. Bd3 Rc8 29. Bb5 Rc7 30. a4 a6 31. Bd3 Rc8 32. Bc2 b5 33. axb5 axb5
34. Ra1 b4 35. Ra7+ Kf8 36. Ra6 Rd8 37. cxb4 Bxb4 38. Raxe6 Rxe6 39. Rxe6 Rc8
40. Re2 g6 41. Bb3 Rd8 42. Kf2 Ba5 43. Ke3 Bb6 44. Kd3 Re8 45. Rxe8+ Kxe8 46.
Bxd5 Ke7 47. h3 g4 48. hxg4 fxg4 49. fxg4 Kd6 50. Ke4 g5 51. b4 Ba7 52. Bc4 Bb6
53. Bd3 Bc7 54. d5 Bb6 55. Bc4 Bf2 0-1

[Event "XXVI C.to Italiano a squadre A1"]
[Site "ITA"]
[Date "1994.??.??"]
[Round "2"]
[White "Tatai, Stefano"]
[Black "Tan, Chengxuan"]
[Result "1-0"]
[WhiteElo "2445"]
[BlackElo "2365"]
[PlyCount "69"]
[EventDate "1994.01.30"]

1. e4 e6 2. d4 d5 3. Nc3 Bb4 4. e5 c5 5. a3 Bxc3+ 6. bxc3 Ne7 7. Qg4 O-O 8. Bd3
f5 9. exf6 Rxf6 10. Qh5 g6 11. Qd1 Nbc6 12. Nf3 Qf8 13. O-O Bd7 14. Ne5 Nxe5
15. dxe5 Rf7 16. Bg5 Nc6 17. f4 c4 18. Be2 Qc5+ 19. Kh1 b5 20. Qd2 a5 21. Bf3
Rb8 22. Bf6 Rbf8 23. f5 Ne7 24. fxg6 Nxg6 25. Bh5 Be8 26. Qg5 Rb7 27. Bg4 Qb6
28. Qh6 Rff7 29. h4 Rg7 30. Bxg7 Rxg7 31. Rf6 Bf7 32. Raf1 Nxe5 33. Bxe6 Qc7
34. Qf4 Rg4 35. Bxg4 1-0

[Event "XXVI C.to Italiano a squadre A1"]
[Site "ITA"]
[Date "1994.??.??"]
[Round "2"]
[White "Wagman, Stuart"]
[Black "D'Amore, Carlo"]
[WhiteElo "2210"]
[BlackElo "2420"]
[Result "1/2-1/2"]
[PlyCount "55"]
[EventDate "1994.01.30"]

1. e4 e5 2. Nf3 Nc6 3. Bb5 Nge7 4. Nc3 Ng6 5. d4 exd4 6. Nxd4 Bc5 7. Be3 Bxd4
8. Bxd4 O-O 9. O-O d6 10. Bxc6 bxc6 11. Ne2 Ba6 12. Re1 c5 13. Bc3 Bxe2 14.
Qxe2 f6 15. Qh5 Qd7 16. Re3 Nf4 17. Qf3 Ne6 18. Rd1 Rae8 19. Qe2 Nf4 20. Qc4+
d5 21. Qf1 d4 22. Ree1 f5 23. Bd2 fxe4 24. Bxf4 Rxf4 25. Qc4+ Qf7 26. Qxc5 Rxf2
27. Qxd4 Rxg2+ 28. Kxg2 1/2-1/2

[Event "XXVI C.to Italiano a squadre A1"]
[Site "ITA"]
[Date "1994.??.??"]
[Round "3"]
[White "Cocozza, Mario"]
[Black "Castelfranchi, Carlo"]
[Result "1-0"]
[WhiteElo "2320"]
[BlackElo "2215"]
[PlyCount "80"]
[EventDate "1994.01.30"]

1. e4 Nf6 2. e5 Nd5 3. d4 d6 4. Nf3 Bg4 5. Be2 e6 6. c4 Nb6 7. exd6 cxd6 8. O-O
Be7 9. h3 Bh5 10. Nc3 O-O 11. b3 Nc6 12. Be3 d5 13. c5 Bxf3 14. Bxf3 Nc8 15. b4
Bf6 16. Rc1 N8e7 17. b5 Na5 18. Bf4 Nf5 19. Ne2 Nh4 20. Bg4 Nc4 21. Qd3 Bg5 22.
g3 Ng6 23. Bxg5 Qxg5 24. f4 Qd8 25. f5 exf5 26. Bxf5 a6 27. b6 Re8 28. Rf3 Qg5
29. Bxg6 hxg6 30. Nf4 Rad8 31. h4 Qh6 32. Rc2 Na5 33. Rh2 Nc6 34. g4 Re4 35. g5
Qh7 36. Ne2 Qh5 37. Ng3 Qg4 38. Qf1 Nxd4 39. Rd3 Rde8 40. Rg2 Re1 1-0

[Event "XXVI C.to Italiano a squadre A1"]
[Site "ITA"]
[Date "1994.??.??"]
[Round "3"]
[White "Emanuelli, Renato"]
[Black "Bellia, Fabrizio"]
[Result "0-1"]
[WhiteElo "2245"]
[BlackElo "2280"]
[PlyCount "60"]
[EventDate "1994.01.30"]

1. d4 Nf6 2. c4 g6 3. Nc3 Bg7 4. e4 d6 5. f3 O-O 6. Be3 e5 7. d5 c6 8. Qd2 cxd5
9. cxd5 Nbd7 10. Bd3 Nc5 11. Bc2 a5 12. Nge2 Bd7 13. O-O b5 14. a3 a4 15. Na2
Qb8 16. Nec1 Rc8 17. Nd3 Nb7 18. Rac1 Na5 19. Bh6 Nc4 20. Qg5 Qb6+ 21. Rf2 Bxh6
22. Qxh6 Ne3 23. Nc3 b4 24. Nxb4 Neg4 25. fxg4 Qxf2+ 26. Kxf2 Nxg4+ 27. Kf3
Nxh6 28. h3 f5 29. Re1 Kg7 30. Re3 Nf7 0-1

[Event "XXVI C.to Italiano a squadre A1"]
[Site "ITA"]
[Date "1994.??.??"]
[Round "3"]
[White "Horvath, Zoltan"]
[Black "Tirabassi, Maurizio"]
[Result "1-0"]
[WhiteElo "2350"]
[BlackElo "2340"]
[PlyCount "137"]
[EventDate "1994.01.30"]

1. e4 c5 2. Nf3 e6 3. d4 cxd4 4. Nxd4 Nf6 5. Bd3 Nc6 6. Nxc6 dxc6 7. Nd2 e5 8.
Qf3 Be6 9. O-O Be7 10. Qg3 Qc7 11. Nf3 Nd7 12. Qxg7 O-O-O 13. Ng5 Bxg5 14. Qxg5
Nc5 15. Qe3 Nxd3 16. cxd3 Qb6 17. Qxb6 axb6 18. Be3 c5 19. Rfd1 Rd7 20. Bg5 Re8
21. Bf6 Bg4 22. f3 Bh5 23. g4 Re6 24. Bh4 Bg6 25. Kf2 Red6 26. Ke2 f6 27. Rac1
Bf7 28. b3 Rd8 29. Rc3 Kd7 30. f4 exf4 31. Rf1 Ra8 32. Rc2 h5 33. Rxf4 hxg4 34.
Bxf6 Be6 35. Ke3 Rc6 36. Be5 Rcc8 37. Rf6 Rh8 38. d4 cxd4+ 39. Kxd4 Rhc8 40.
Rd2 Ke7 41. Ke3 Rd8 42. Rdf2 Rh8 43. Rxe6+ Kxe6 44. Bxh8 Rxh8 45. Kf4 b5 46.
Kxg4 Ke5 47. Rf5+ Kxe4 48. Rh5 Ra8 49. Rxb5 Rxa2 50. Kg3 Ra6 51. Kg4 Rg6+ 52.
Kh5 Rg8 53. h4 Kf4 54. Rxb7 Kf5 55. Rf7+ Ke6 56. Rf4 Ke5 57. Rb4 Kf5 58. Kh6
Kf6 59. Rf4+ Ke5 60. Rb4 Kf6 61. Rb6+ Kf7 62. h5 Rg3 63. b4 Rg4 64. b5 Rg1 65.
Rc6 Rb1 66. b6 Rb5 67. Rc7+ Kf6 68. b7 Rb1 69. Kh7 1-0

[Event "XXVI C.to Italiano a squadre A1"]
[Site "ITA"]
[Date "1994.??.??"]
[Round "3"]
[White "Iotti, Pierluigi"]
[Black "Alexandre, Jorge"]
[Result "1-0"]
[WhiteElo "2255"]
[BlackElo "2305"]
[PlyCount "81"]
[EventDate "1994.01.30"]

1. d4 Nf6 2. Nf3 e6 3. c4 d5 4. Nc3 Be7 5. Bg5 O-O 6. e3 c6 7. cxd5 exd5 8. Qc2
Nbd7 9. Bd3 h6 10. Bh4 Re8 11. O-O Nh5 12. Bxe7 Qxe7 13. Rab1 Nhf6 14. b4 b5
15. a4 a6 16. Ne2 Bb7 17. a5 Rec8 18. Ng3 Ne8 19. Rfe1 Nd6 20. e4 Qf8 21. e5
Nc4 22. Qc1 Re8 23. Qf4 Bc8 24. Nf5 Nb8 25. h4 Be6 26. h5 Ra7 27. N3h4 Nd7 28.
Rb3 Kh8 29. Bb1 Bxf5 30. Nxf5 Nf6 31. Nxh6 Nxh5 32. Qg5 gxh6 33. Qxh5 Nd2 34.
Rh3 Nxb1 35. Rxb1 Re6 36. Rbb3 Rg6 37. Kh2 Kh7 38. f4 Qg7 39. Rbg3 Rxg3 40.
Rxg3 Qh8 41. Qf5# 1-0

[Event "XXVI C.to Italiano a squadre A1"]
[Site "ITA"]
[Date "1994.??.??"]
[Round "3"]
[White "Kovacevic, Vlatko"]
[Black "Tatai, Stefano"]
[Result "1/2-1/2"]
[WhiteElo "2485"]
[BlackElo "2445"]
[PlyCount "90"]
[EventDate "1994.01.30"]

1. d4 d5 2. Bg5 Bf5 3. e3 c6 4. Bd3 Bxd3 5. Qxd3 Qa5+ 6. Nd2 e6 7. Ngf3 Qa6 8.
c4 Nd7 9. O-O Ngf6 10. b3 Be7 11. Rfe1 h6 12. Bh4 O-O 13. e4 dxe4 14. Nxe4 Rfe8
15. Re2 Rad8 16. Rd1 c5 17. Nxf6+ Nxf6 18. Qc2 cxd4 19. Rxd4 Rxd4 20. Nxd4 Rd8
21. Nf3 Qb6 22. h3 Rd7 23. Bg3 Qd8 24. Rd2 Rxd2 25. Qxd2 Qxd2 26. Nxd2 Kf8 27.
Kf1 Bb4 28. Bf4 Ke7 29. Ke2 Nd7 30. Be3 Bc5 31. Bxc5+ Nxc5 32. b4 Nd7 33. Kd3
Ne5+ 34. Kd4 Nc6+ 35. Kc3 b6 36. Nb3 Kd6 37. c5+ bxc5 38. Nxc5 Kd5 39. Na6 Ne7
40. a4 Kc6 41. Kc4 Nd5 42. g3 Nb6+ 43. Kb3 Nd5 44. Kc4 Nb6+ 45. Kb3 Nd5 1/2-1/2

[Event "XXVI C.to Italiano a squadre A1"]
[Site "ITA"]
[Date "1994.??.??"]
[Round "3"]
[White "Marinelli, Tullio"]
[Black "Bozzo, Rodolfo"]
[Result "1/2-1/2"]
[WhiteElo "2370"]
[BlackElo "2100"]
[PlyCount "78"]
[EventDate "1994.01.30"]

1. d4 d5 2. c4 e6 3. Nc3 c5 4. cxd5 exd5 5. Nf3 Nc6 6. g3 Nf6 7. Bg2 Be7 8. O-O
O-O 9. dxc5 Bxc5 10. Bg5 d4 11. Bxf6 Qxf6 12. Ne4 Qe7 13. Nxc5 Qxc5 14. Nd2 Bg4
15. h3 Be6 16. Ne4 Qe7 17. Qd2 Bxh3 18. Bxh3 Qxe4 19. Bg2 Qe5 20. Rac1 Rac8 21.
Rc4 Rfd8 22. Rfc1 Rd6 23. b4 Re8 24. Bxc6 bxc6 25. Rxc6 Rxc6 26. Rxc6 g6 27.
Rc2 h5 28. Qd3 Kg7 29. Rd2 h4 30. gxh4 Rd8 31. Qg3 Qe4 32. h5 Rd5 33. hxg6 f6
34. f4 Rh5 35. Kf2 Qh1 36. Qg1 Qh4+ 37. Qg3 Qh1 38. Qg1 Qh4+ 39. Qg3 Qh1
1/2-1/2

[Event "XXVI C.to Italiano a squadre A1"]
[Site "ITA"]
[Date "1994.??.??"]
[Round "3"]
[White "Rago, Riccardo"]
[Black "Sciortino, Massimo"]
[WhiteElo "1815"]
[BlackElo "1957"]
[Result "1/2-1/2"]
[PlyCount "110"]
[EventDate "1994.01.30"]

1. e4 d6 2. d4 g6 3. Nf3 Nf6 4. Nc3 Bg7 5. h3 O-O 6. Be2 a6 7. a4 b6 8. O-O Bb7
9. d5 c6 10. Be3 cxd5 11. exd5 Nbd7 12. Bc4 Qc7 13. Ba2 Rac8 14. Re1 Rfe8 15.
Bd4 Qb8 16. Qd2 Qa8 17. Re2 Bf8 18. Be3 b5 19. axb5 axb5 20. Ree1 b4 21. Nb5
Bxd5 22. Bb3 Qb7 23. Nxd6 exd6 24. Ra7 Qb8 25. Bxd5 Rxe3 26. Bxf7+ Kxf7 27.
Qxe3 Kg7 28. Ng5 h6 29. Qd4 Qb5 30. Ne6+ Kf7 31. Nxf8 Rxf8 32. Qxd6 Re8 33. Rd1
Re7 34. Rd3 Qb8 35. Qxb8 Nxb8 36. Rxe7+ Kxe7 37. c3 bxc3 38. Rxc3 Nbd7 39. Rc6
Ne5 40. Ra6 Nc4 41. b3 Nd6 42. g3 Nfe4 43. Kg2 Ke6 44. Rc6 Kd7 45. Rc2 Nb5 46.
g4 g5 47. f3 Ned6 48. h4 Nd4 49. Rc3 Ne6 50. hxg5 hxg5 51. Kg3 Nb5 52. Rc4 Kd6
53. Rc8 Nbc7 54. Rg8 Kc5 55. Rc8 Kb4 1/2-1/2

[Event "XXVI C.to Italiano a squadre A1"]
[Site "ITA"]
[Date "1994.??.??"]
[Round "3"]
[White "Tan, Chengxuan"]
[Black "Ortega, Lexy"]
[Result "1-0"]
[WhiteElo "2365"]
[BlackElo "2440"]
[PlyCount "65"]
[EventDate "1994.01.30"]

1. e4 c5 2. Nf3 d6 3. d4 cxd4 4. Nxd4 Nf6 5. Nc3 a6 6. f4 e5 7. Nf3 Nbd7 8. Bc4
b5 9. Bd5 Nxd5 10. Nxd5 Bb7 11. O-O Be7 12. Be3 O-O 13. Kh1 Rc8 14. c3 Re8 15.
a4 Bf8 16. axb5 exf4 17. Bxf4 axb5 18. Ra7 Bxd5 19. Qxd5 Rc7 20. Rxc7 Qxc7 21.
Qxb5 Rxe4 22. Qf5 Re2 23. Ng5 Nf6 24. Qd3 Re8 25. Be3 h6 26. Rxf6 hxg5 27. Rf1
Qe7 28. Bd4 Qe6 29. b4 d5 30. b5 Bd6 31. b6 Bb8 32. g3 g4 33. Qf5 1-0

[Event "XXVI C.to Italiano a squadre A1"]
[Site "ITA"]
[Date "1994.??.??"]
[Round "3"]
[White "Vallifuoco, Giacomo"]
[Black "Tassi, Oliviero"]
[Result "0-1"]
[WhiteElo "2395"]
[BlackElo "2320"]
[PlyCount "80"]
[EventDate "1994.01.30"]

1. d4 Nf6 2. c4 c5 3. d5 b5 4. cxb5 a6 5. e3 g6 6. Nc3 Bg7 7. a4 O-O 8. Ra3 e6
9. dxe6 fxe6 10. Qd6 Bb7 11. Nf3 Qc8 12. h4 c4 13. h5 gxh5 14. Rh4 axb5 15.
axb5 Bxf3 16. gxf3 Qb7 17. Rxa8 Qxa8 18. Be2 Ne8 19. Qg3 d5 20. Rxh5 Nd7 21. f4
Qa5 22. f5 Ndf6 23. Rg5 Ne4 24. Qg2 Nxg5 25. Qxg5 Rxf5 26. Qe7 Bxc3+ 27. bxc3
Ng7 28. Bg4 Rf7 29. Bxe6 Nxe6 30. Qxe6 Qxb5 31. Qc8+ Kg7 32. Qg4+ Kf6 33. e4
dxe4 34. Qh4+ Ke6 35. Qh6+ Kd7 36. Bf4 Qb1+ 37. Ke2 Qd3+ 38. Ke1 Qxc3+ 39. Kf1
Qf6 40. Qh3+ Qf5 0-1

[Event "XXVI C.to Italiano a squadre A1"]
[Site "ITA"]
[Date "1994.??.??"]
[Round "3"]
[White "Vezzosi, Paolo"]
[Black "Horvath, Jozsef"]
[Result "1/2-1/2"]
[WhiteElo "2300"]
[BlackElo "2515"]
[PlyCount "109"]
[EventDate "1994.01.30"]

1. e4 c5 2. Nf3 e6 3. d4 cxd4 4. Nxd4 Nc6 5. Nb5 d6 6. c4 Nf6 7. N5c3 b6 8. Be2
Bb7 9. Be3 Be7 10. Nd2 O-O 11. O-O Nd7 12. Rc1 Bf6 13. Bd3 Rc8 14. f4 Re8 15.
a3 d5 16. exd5 exd5 17. Nxd5 Bxb2 18. Bxh7+ Kf8 19. Rb1 Bxa3 20. Bf5 Ne7 21.
Qa4 Nxf5 22. Qxa3+ Kg8 23. Bf2 Nf6 24. Nxf6+ Qxf6 25. Qxa7 Bxg2 26. Kxg2 Qg6+
27. Kh1 Qc6+ 28. Kg1 Qg6+ 29. Kh1 Rcd8 30. Qxb6 Rd6 31. Qb4 Re2 32. Rbd1 Qg4
33. Qb8+ Kh7 34. Qb7 Rxf2 35. Rxf2 Qxd1+ 36. Nf1 Rg6 37. Qf3 Qb1 38. Qh3+ Rh6
39. Qf3 Nd4 40. Qe3 Qb7+ 41. Kg1 Rg6+ 42. Ng3 Nf5 43. Qf3 Qb1+ 44. Rf1 Qb6+ 45.
Kh1 Nxg3+ 46. hxg3 Rh6+ 47. Kg2 Qb2+ 48. Rf2 Qb1 49. Re2 f5 50. Qd5 Qh1+ 51.
Kf2 Rh2+ 52. Ke3 Qc1+ 53. Qd2 Rxe2+ 54. Kxe2 Qxc4+ 55. Kf2 1/2-1/2